Plats avec de la Cannelle - Mort Subite - Statistiques

Statistiques générales
  • Ce quiz a été pris 102 fois
  • Le résultat moyen est 5 sur 16
Answers on the Grid
Answers color-coded by a green-red scale on the quiz's grid according to % correct below.
Kanelbulle / Brioche à la cannelle
Churros mexicains
Irish potato candy
Pastel de nata
Snickerdoodle
Apple crisp
Melktert
Christstollen
Pumpkin pie / Tarte à la citrouille
Phở / Soupe tonkinoise
Canard laqué de Pékin
Wǔxiāng yú / Poisson aux cinq épices
Speculoos
Tamina
Franzbrötchen
Brouet de cannelle
Churros espagnoles
Sorbet à la fraise
Şekerpare
Pâté chinois
Beigne à l'ancienne
Panzanella
Red velvet cake
Hokey pokey
Flying fish cutters
Quindim
Bilo-bilo
Bienenstich / Nid d'abeilles
 
Statistiques - réponses
Réponse % Correct
Speculoos
68%
Kanelbulle / Brioche à la cannelle
65%
Brouet de cannelle
54%
Pumpkin pie / Tarte à la citrouille
46%
Apple crisp
41%
Wǔxiāng yú / Poisson aux cinq épices
37%
Churros mexicains
27%
Christstollen
25%
Pastel de nata
24%
Canard laqué de Pékin
17%
Snickerdoodle
17%
Franzbrötchen
14%
Irish potato candy
11%
Phở / Soupe tonkinoise
8%
Tamina
4%
Melktert
1%
Aucun quiz correspondant
Distribution des résultats
% des personnes avec chaque résultat
Percentile par nombre de réponses
Votre historique - résultats
Vous n’avez pas pris ce quiz